Club de la ligue des Champions - Statistiques

Statistiques générales
  • Ce quiz a été pris 123 fois
    121 depuis la dernière actualisation
  • Le résultat moyen est 22 sur 32
Statistiques - réponses
equipe % Correct
2 Paris-Saint-Germain
99%
1 Manchester City
97%
1 Real Madrid
97%
1 Bayern
96%
4 Marseille
93%
2 Dortmund
92%
2 AC Milan
91%
3 Barcelone
91%
2 Inter Milan
91%
3 Juventus
91%
1 chelsea
89%
2 Liverpool
88%
1 Benfica
87%
1 Tottenham
83%
1 Porto
82%
4 Atlético de Madrid
78%
3 Ajax
75%
1 Naples
75%
2 Club Bruge
74%
3 Sporting
71%
2 Eintracht Francfort
66%
2 RB Leipzig
66%
3 Séville
61%
4 Maccabi Haïfa
55%
4 Celtic Glasgow
44%
4 Glasgow Rangers
37%
3 Chakhtior Donetsk
36%
4 Dinamo Zagreb
35%
3 Leverkusen
34%
4 Copenhague
25%
4 Viktoria Plzen
23%
3 RB Salzburg
23%
Aucun quiz correspondant
Distribution des résultats
% des personnes avec chaque résultat
Percentile par nombre de réponses
Votre historique - résultats
Vous n’avez pas pris ce quiz depuis la dernière actualisation